| 000 | 00467nam a2200145Ia 4500 | ||
|---|---|---|---|
| 005 | 20260127122725.0 | ||
| 022 | _a0020-7160 | ||
| 050 | _aQA76 .I58/ | ||
| 245 | 0 | _aInternational journal of computer mathematics | |
| 250 | _aVol. 102, No. 5-8 | ||
| 260 |
_c2025 _bGordon and Breach Science Publishers _aLondon; New York |
||
| 300 | _a116 p. :ill. ; 30 cm. | ||
| 650 | _aComputers--Periodicals Numerical analysis--Periodicals Automation--Periodicals | ||
| 942 |
_cSR _2lcc |
||
| 999 |
_c44062 _d44062 |
||